000
00281nam a2200121Ia 4500
008
190216s9999||||xx |||||||||||||| ||und||
100
_a
Shashkin A
245
4
_a
The Euler Characteristic
260
_b
Mir Pubs Moscow
_c
1984
300
_a
94p
650
_a
Mathematics
942
_c
BK
999
_c
31025
_d
31025